000 00524 a2200181 4500
003 NUST
038 _aa
082 _aBEE-5
100 _aHashim Mufti
_993425
245 _aEfficient UPS
_cHashim Mufti
260 _aIslamabad
_bNUST-SEECS
_c2012
300 _a45p.
_b;ill.
_c;27cm.+
_eCD ROM
500 _aSupervisors: Mr. Osama Ali Arshad, Dr. Tauseef Tauqeer
563 _aa
700 _aHumayun Khan, Shabir Ahmad
_993426
856 _uhttp://10.250.8.41:8080/xmlui/handle/123456789/5832
942 _cTHE
_kBEE-5 HAS
_2ddc
999 _c11304
_d11304